Big 10 NCAA football teams - Statistics

General Stats
  • This quiz has been taken 56 times
    49 since last reset
  • The average score is 15 of 18
Answer Stats
Hint Answer % Correct
Hoosiers Indiana
100%
Wolverines Michigan
96%
Fighting Illini Illinois
93%
Buckeyes Ohio state
93%
Hawkeyes Iowa
89%
Nittany Lions Penn state
89%
Spartans Michigan state
86%
Ducks Oregon
86%
Boilmakers Purdue
86%
Trojans Usc
86%
Cornhuskers Nebraska
82%
Terrapins Maryland
79%
Golden Golphers Minnesota
75%
Badgers Wisconsin
75%
Bruins Ucla
71%
Scarlet Knights Rutgers
64%
Huskies Washington
64%
Wildcats Northwestern
61%
No matching quizzes found
Score Distribution
Percent of People with Each Score
Percentile by Number Answered
Your Score History
You have not taken this quiz since the last reset